Commonly Used apps - Statistics

General Stats
  • This quiz has been taken 32 times
  • The average score is 14 of 16
Answer Stats
Picture Answer % Correct
Apple
100%
amazon
90%
google
90%
instagram
90%
netflix
90%
pinterest
90%
safari
90%
snapchat
90%
spotify
90%
starbucks
90%
target
90%
tiktok
90%
youtube
90%
skype
83%
windows
83%
itunes
63%
No matching quizzes found
Score Distribution
Percent of People with Each Score
Percentile by Number Answered
Your Score History
You have not taken this quiz